000 00898pam a2200289 i 4500
001 29364
003 BD-RjUL
005 20211209051414.0
008 140403s1981 nyua b 001 0 eng
020 _a0070290636
035 _a(BD-RjUL)29449
040 _aDLC
_cDLC
_dDLC
_dBD-RjUL
_beng
041 _aeng
082 0 0 _a155.20922
_bHJP 1981
100 1 _aHjelle, Larry A.
_989551
245 1 0 _aPersonality theories :
_bbasic assumptions, research, and applications /
_cLarry A. Hjelle, Daniel J. Ziegler.
250 _a2d ed.
260 _aNew York :
_bMcGraw-Hill,
_cc1981.
300 _axviii, 494 p. :
_bill. ;
_c25 cm.
490 0 _aMcGraw-Hill series in psychology
504 _aIncludes bibliographies and indexes.
650 0 _aPersonality.
_989552
700 1 _aZiegler, Daniel J.,
_ejoint author.
_989553
942 _2ddc
_cBK
999 _c29364
_d29364